000
00316nam a2200133Ia 4500
008
150301s2015 xx 000 0 und d
082
_a
615.1
_b
P12G
100
_a
AMIT K. GOYAL
245
_a
TB OF PHARMACEUTICAL DISPENSING
260
_b
CBS- DELHI
300
_a
292
650
_a
PHARMACEUTICS
942
_2
ddc
_c
BK
_0
5
999
_c
7154
_d
7154